DCI Champions Quiz Stats

 Plays Quiz not verified by Sporcle

Challenge
Share
Tweet
Embed
Score 0/38 Timer 10:00
0 Plays Today
Year Champion % Correct
2009Blue Devils
81.8%
2001The Cavaliers
80%
2003Blue Devils
80%
1972Anaheim Kingsmen
78.2%
1973Santa Clara Vanguard
78.2%
2000(Tie)The Cavaliers (The Cadets)
78.2%
2002The Cavaliers
78.2%
2007Blue Devils
78.2%
2008Phantom Regiment
78.2%
1974Santa Clara Vanguard
76.4%
2004The Cavaliers
76.4%
2006The Cavaliers
76.4%
1989Santa Clara Vanguard
74.5%
1999(Tie)Santa Clara Vanguard (Blue Devils)
74.5%
2005The Cadets
74.5%
1985Garfield Cadets
70.9%
1996(Tie)Phantom Regiment (Blue Devils)
70.9%
1978Santa Clara Vanguard
69.1%
1979Blue Devils
69.1%
Year Champion % Correct
1986Blue Devils
69.1%
1998The Cadets
69.1%
1983Garfield Cadets
69.1%
1976Blue Devils
67.3%
1977Blue Devils
67.3%
1980Blue Devils
67.3%
1982Blue Devils
67.3%
1984Garfield Cadets
67.3%
1992The Cavaliers
67.3%
1997Blue Devils
67.3%
1975Madison Scouts
65.5%
1987Garfield Cadets
65.5%
1988Madison Scouts
65.5%
1991Star of Indiana
65.5%
1994Blue Devils
65.5%
1995The Cavaliers
65.5%
1981Santa Clara Vanguard
63.6%
1990The Cadets of Bergen County
41.8%
1993The Cadets of Bergen County
38.2%

You're not logged in!

Compare scores with friends on all Sporcle quizzes.
Join for Free
OR
Log In

You Might Also Like...

Show Comments

Extras

Top Quizzes Today


Score Distribution

Your Account Isn't Verified!

In order to create a playlist on Sporcle, you need to verify the email address you used during registration. Go to your Sporcle Settings to finish the process.

Report this User

Report this user for behavior that violates our Community Guidelines.

Details: